The trumpet of the swan (Record no. 2132)

MARC details
000 -LEADER
fixed length control field 01141cam a2200337 4500
001 - CONTROL NUMBER
control field 2132
003 - CONTROL NUMBER IDENTIFIER
control field FISKH
005 - DATE AND TIME OF LATEST TRANSACTION
control field 20231110095848.0
008 - FIXED-LENGTH DATA ELEMENTS--GENERAL INFORMATION
fixed length control field 700730s1970 nyua j 000 1 eng
010 ## - LIBRARY OF CONGRESS CONTROL NUMBER
LC control number 72112484
020 ## - INTERNATIONAL STANDARD BOOK NUMBER
International Standard Book Number 9780590406192
040 ## - CATALOGING SOURCE
Original cataloging agency DLC
Language of cataloging eng
Transcribing agency DLC
Modifying agency DLC
042 ## - AUTHENTICATION CODE
Authentication code lcac
050 00 - LIBRARY OF CONGRESS CALL NUMBER
Classification number PZ7.W58277
Item number Tr
082 00 - DEWEY DECIMAL CLASSIFICATION NUMBER
Classification number 813.52
100 1# - MAIN ENTRY--PERSONAL NAME
Personal name White, E. B.
Fuller form of name (Elwyn Brooks),
Dates associated with a name 1899-1985.
245 14 - TITLE STATEMENT
Title The trumpet of the swan
Statement of responsibility, etc. E. B. White ; Pictures by Edward Frascino.
250 ## - EDITION STATEMENT
Edition statement First edition first printing, October 2005
260 ## - PUBLICATION, DISTRIBUTION, ETC.
Place of publication, distribution, etc. New York :
Name of publisher, distributor, etc. Scholastic,
Date of publication, distribution, etc. 1970
300 ## - PHYSICAL DESCRIPTION
Extent 210 pages :
Other physical details illustrations ;
Dimensions 20 cm
350 ## - PRICE (NR) (BK AM CF MU VM SE) [OBSOLETE]
Price 4.50
505 ## - FORMATTED CONTENTS NOTE
Formatted contents note R<br/>
520 ## - SUMMARY, ETC.
Summary, etc. Knowing how to read and write is not enough for Louis, a voiceless Trumpeter Swan; his determination to learn to play a stolen trumpet takes him far from his wilderness home.
521 8# - TARGET AUDIENCE NOTE
Target audience note 750<br/>
Source Lexile<br/>
521 8# - TARGET AUDIENCE NOTE
Target audience note R<br/>
Source Raz-Plus<br/>
650 #1 - SUBJECT ADDED ENTRY--TOPICAL TERM
Topical term or geographic name entry element Trumpeter swans
Form subdivision Fiction.
650 #1 - SUBJECT ADDED ENTRY--TOPICAL TERM
Topical term or geographic name entry element Swans
General subdivision Fiction.
700 1# - ADDED ENTRY--PERSONAL NAME
Personal name Frascino, Edward,
Relator term illustrator
906 ## - LOCAL DATA ELEMENT F, LDF (RLIN)
a 7
b cbc
c orignew
d 1
e ncip
f 19
g y-gencatlg
942 ## - ADDED ENTRY ELEMENTS (KOHA)
Source of classification or shelving scheme Dewey Decimal Classification
Koha item type Books
Suppress in OPAC No
Holdings
Withdrawn status Lost status Source of classification or shelving scheme Damaged status Not for loan Collection Home library Current library Shelving location Date acquired Total Checkouts Full call number Barcode Date last seen Copy number Price effective from Koha item type Date last checked out
    Dewey Decimal Classification     Juvenile Fiction Footprints International School Library Network Toul Kork Campus Footprints International School Library Network Toul Kork Campus TK Primary Library Room(4th Floor), Bookcase 5&6, Shelves 33-56, Orange Books 11/07/2023   FRA 813.52 PZ7.W58277 FISTK00613 11/07/2023 1 11/07/2023 Books  
    Dewey Decimal Classification     Juvenile Fiction Footprints International School Library Network Toul Kork Campus Footprints International School Library Network Toul Kork Campus   11/07/2023 1 FRA 813.52 PZ7.W58277 FIS00558 03/27/2024 2 11/07/2023 Books 03/22/2024